00732nam a22002292a 450000100060000000300080000600500170001400800410003103500190007204000320009104100110012308200180013410000210015224501260017326000490029930000440034849000280039265000310042083000090045170000200046083000220048025093BD-RjUL20211209050829.0140316t1957 II 000 0 eng d a(BD-RjUL)25162 aCLEcCLEdEQOdBD-RjULbeng1 aengfre04a954bFIP 19571 aFilliozat, Jean.10aPolitical history of India from the earliest times to the 7th centuary [sic] A.D. /cTr. from the French by Philip Spratt aCalcutta :bS. Gupta (India) limited,c1957. aviii, 199 p. : billus., maps ;c21 cm.1 aClassical India ;vv. 21 a India -- History.  0vv. 21 aSpratt, Philip. 0aClassical India ;